000 00618nam a22001217a 4500
008 110627t xxu||||| |||| 00| 0 eng d
010 _aSCCA F-3
245 _aSupreme Court Civil Appeal 09 of 2005. General Parts (U) Ltd vs Non-Performing Asset Recovery Trust
260 _c2005
500 _aCoram: Odoki CJ. ; Tsekooko, Karakora, Mulenga and Katurebe, JJ.SC.
500 _aAppeals from the judgment of the Court of Appeal Okello, Mpagi-Bahigeine and Byamugisha JJ.A in Civil Appeal No. 49 of 2004 dated 19th August 2005
999 _c4140
_d4140